000 00676nam a2200253Ia 4500
003 OSt
005 20221005073012.0
006 a|||||r|||| 00| 0
007 ta
008 221004b |||||||| |||| 00| 0 hin d
020 _a8185411126
024 _a23103
037 _cTextual
040 _aCRL
_cCRL
_bhin
041 _2hin
_ahin
082 _aV2:25xM69, N8
100 _aTyagi Nisha Bala
_9607648
245 0 _aGoodness
_bThe Gandhian way of life
260 _aNew Delhi
_bGandhi Peace Foundation India
_c1998
300 _a120p.
_ccm.
650 _aHISTORY
942 _hV2:25xM69, N8
_cTEXL
_2cc
999 _c980392
_d980392